000 00578nam a2200241Ia 4500
003 0100
008 130307s9999 xx 000 0 und d
020 _a0136014518
040 _cARRUPELIB
050 _aBJ71.H57 1991
245 3 _aAn Historical introduction to moral philosophy
260 _aEnglewood Cliffs
260 _bPrentice Hall
260 _cc1991.
300 _ax
300 _b273 p. 23 cm.
650 _aETHICS
650 _bPhilosophy, Modern
650 _cMarcel, Gabriel
650 _dGirard, Rene
700 _aWagner, Michael F
942 0 0 _02
999 _c95804
_d95804